00361nam a2200109Ia 4500008004100000020001800041100002000059245009000079260003400169300002000203650002800223181023s9999 xx 000 0 und d a9781260083682 aRentz, Kathryn. cKathryn Rentz, Paula Lentz.--aBusiness communication :ba problem-solving approach / aNew York :bMcGraw Hillc2018 axxv, 615 pages. aBusiness communication.